[Event "SWE-chT2 0910"]
[Site "Sweden"]
[Date "2010.03.13"]
[Round "8"]
[White "Hjerten, Teo"]
[Black "Eriksson, Mats"]
[Result "1-0"]
[WhiteElo "1819"]
[BlackElo "2178"]
[PlyCount "79"]
[EventDate "2009.10.24"]
[EventType "team"]
[EventRounds "9"]
[EventCountry "SWE"]
[SourceTitle "EXT 2011"]
[Source "ChessBase"]
[SourceDate "2010.11.26"]
[SourceVersion "1"]
[SourceVersionDate "2010.11.26"]
[SourceQuality "1"]
[WhiteTeam "Sodra"]
[BlackTeam "Manhem II"]
[WhiteTeamCountry "SWE"]
[BlackTeamCountry "SWE"]

1. d4 d5 2. Nf3 Nf6 3. c4 c6 4. e3 Bf5 5. Qb3 Qb6 6. Nc3 e6 7. Be2 Nbd7 8. Bd2 h6 9. Na4 Qc7 10. cxd5 exd5 11. Bb4 Ne4 12. Bxf8 Nxf8 13. Rc1 Ne6 14. Qb4 Nd6 15. Nc5 0-0 16. 0-0 Rae8 17. a4 Nf4 18. Bd1 Nd3 19. Nxd3 Bxd3 20. Re1 Re6 21. Bc2 Be4 22. Bxe4 Nxe4 23. Qa3 Nd6 24. Qd3 a6 25. b3 Rfe8 26. Rc2 Qa5 27. Rec1 Ne4 28. g3 Qb4 29. Nd2 f5 30. Nf3 g6 31. Kg2 Nxf2 32. Rxf2 Rxe3 33. Qc2 Rxb3 34. Re2 Rbe3 35. Rxe3 Rxe3 36. Rb1 Qa3 37. Qd2 Rxf3 38. Re1 Qb3 39. Qe2 Rd3 40. Qe6+ 1-0

[Event "SWE-chT2 0910"]
[Site "Sweden"]
[Date "2010.01.16"]
[Round "4"]
[White "Eriksson, Mats"]
[Black "Wiker, Bo"]
[Result "1/2-1/2"]
[WhiteElo "2178"]
[BlackElo "2062"]
[PlyCount "56"]
[EventDate "2009.10.24"]
[EventType "team"]
[EventRounds "9"]
[EventCountry "SWE"]
[SourceTitle "EXT 2011"]
[Source "ChessBase"]
[SourceDate "2010.11.26"]
[SourceVersion "1"]
[SourceVersionDate "2010.11.26"]
[SourceQuality "1"]
[WhiteTeam "Manhem II"]
[BlackTeam "Horndal"]
[WhiteTeamCountry "SWE"]
[BlackTeamCountry "SWE"]

1. e4 d6 2. d4 Nf6 3. Nc3 g6 4. Nf3 Bg7 5. Be2 0-0 6. 0-0 c6 7. Re1 b5 8. Bf1 a5 9. a4 b4 10. Nb1 Na6 11. Nbd2 Qc7 12. Qe2 c5 13. e5 Ne8 14. exd6 Nxd6 15. Qxe7 Qxe7 16. Rxe7 Bf5 17. c3 Bf6 18. Re1 bxc3 19. bxc3 cxd4 20. Nxd4 Bxd4 21. cxd4 Nb4 22. Ba3 Rfd8 23. Bxb4 axb4 24. Re3 Bc2 25. Bd3 Rxa4 26. Rxa4 Bxa4 27. Re1 Nb5 28. Bxb5 Bxb5 1/2-1/2

[Event "SWE-chT2 0809"]
[Site "Sweden"]
[Date "2009.03.15"]
[Round "9"]
[White "Eriksson, Mats"]
[Black "Lindblom, Peter"]
[Result "0-1"]
[WhiteElo "2039"]
[BlackElo "2062"]
[PlyCount "122"]
[EventDate "2008.10.25"]
[EventType "team-tourn"]
[EventRounds "9"]
[EventCountry "SWE"]
[SourceTitle "EXT 2011"]
[Source "ChessBase"]
[SourceDate "2010.11.26"]
[SourceVersion "1"]
[SourceVersionDate "2010.11.26"]
[SourceQuality "1"]

1. d4 Nf6 2. Nf3 g6 3. c4 Bg7 4. Nc3 d5 5. Qb3 c6 6. g3 0-0 7. Bg2 e6 8. 0-0 Nbd7 9. Bf4 Re8 10. Rad1 Qb6 11. c5 Qxb3 12. axb3 Ne4 13. Ne5 Nexc5 14. b4 Nxe5 15. bxc5 Nd7 16. e4 b6 17. exd5 exd5 18. Nxd5 cxd5 19. Bxd5 Ba6 20. Bxa8 Bxf1 21. Kxf1 Rxa8 22. c6 Bf8 23. Bc7 Nf6 24. d5 Ne8 25. d6 Bxd6 26. Bxd6 Rd8 27. c7 Nxc7 28. Ke2 Ne6 29. Be5 Rxd1 30. Kxd1 Kf8 31. b4 b5 32. Kd2 Ke7 33. Kd3 f6 34. Bc3 f5 35. Be5 Kd7 36. Bb8 a6 37. Ba7 Kc6 38. Bb8 Kd5 39. Ba7 Nd8 40. Be3 Nc6 41. Kc3 Ke4 42. h3 h5 43. h4 Ne7 44. Bc5 Nd5+ 45. Kd2 f4 46. Ke2 fxg3 47. fxg3 Nc7 48. Bd6 Ne6 49. Be7 Nd4+ 50. Kf2 Nc6 51. Bc5 a5 52. bxa5 Nxa5 53. Ke2 Nc4 54. Bb4 Ne3 55. Bc3 Nd5 56. Bg7 b4 57. Kd2 Kf3 58. Be5 Ne3 59. Kd3 Nf5 60. Kc4 Nxg3 61. Kd5 Kg4 0-1

[Event "SWE-chT2 0809"]
[Site "Sweden"]
[Date "2009.03.13"]
[Round "7"]
[White "Bragesjo, Tomas"]
[Black "Eriksson, Mats"]
[Result "1-0"]
[WhiteElo "1739"]
[BlackElo "2039"]
[PlyCount "91"]
[EventDate "2008.10.25"]
[EventType "team-tourn"]
[EventRounds "9"]
[EventCountry "SWE"]
[SourceTitle "EXT 2011"]
[Source "ChessBase"]
[SourceDate "2010.11.26"]
[SourceVersion "1"]
[SourceVersionDate "2010.11.26"]
[SourceQuality "1"]

1. e4 c6 2. d4 d5 3. Nc3 dxe4 4. Nxe4 Nf6 5. Nxf6+ gxf6 6. Bc4 Bf5 7. Bf4 e6 8. Nf3 Bd6 9. Bxd6 Qxd6 10. Qe2 Rg8 11. g3 Nd7 12. 0-0-0 0-0-0 13. h3 Kb8 14. Nh4 Bg6 15. Nxg6 Rxg6 16. h4 f5 17. Qe3 Nf6 18. Be2 Ng4 19. Bxg4 Rxg4 20. c3 f4 21. gxf4 Qxf4 22. Rdg1 Qxe3+ 23. fxe3 Rdg8 24. Rxg4 Rxg4 25. Rh2 Kc7 26. Kd2 Kd6 27. Kd3 f5 28. b4 b5 29. h5 Kd5 30. a4 a6 31. axb5 axb5 32. Ra2 Rg7 33. h6 Rf7 34. Rg2 e5 35. dxe5 Kxe5 36. Rg7 Kf6 37. Rxf7+ Kxf7 38. Kd4 Kg6 39. Ke5 Kxh6 40. Kf6 f4 41. exf4 Kh5 42. f5 Kg4 43. Ke6 h5 44. f6 h4 45. f7 h3 46. f8Q 1-0

[Event "SWE-chT2 0809"]
[Site "Sweden"]
[Date "2009.02.28"]
[Round "6"]
[White "Wahlbom, Magnus"]
[Black "Eriksson, Mats"]
[Result "1/2-1/2"]
[WhiteElo "2240"]
[BlackElo "2039"]
[PlyCount "77"]
[EventDate "2008.10.25"]
[EventType "team-tourn"]
[EventRounds "9"]
[EventCountry "SWE"]
[SourceTitle "EXT 2011"]
[Source "ChessBase"]
[SourceDate "2010.11.26"]
[SourceVersion "1"]
[SourceVersionDate "2010.11.26"]
[SourceQuality "1"]

1. e4 c6 2. d4 d5 3. Nd2 dxe4 4. Nxe4 Nf6 5. Nxf6+ gxf6 6. Bc4 Bf5 7. Ne2 e6 8. 0-0 Qc7 9. Bf4 Bd6 10. Bxd6 Qxd6 11. c3 Nd7 12. Re1 0-0-0 13. b4 h5 14. Bd3 Bxd3 15. Qxd3 h4 16. h3 f5 17. b5 Rhg8 18. bxc6 Qxc6 19. Nf4 Nf6 20. f3 Qc7 21. Qe3 Nd5 22. Nxd5 Rxd5 23. Re2 Kb8 24. Rb1 Rc8 25. Rb3 Qg3 26. Reb2 b6 27. Rb5 Qd6 28. Rxd5 Qxd5 29. Rb3 Qa5 30. Qd2 Kb7 31. Rb4 Qd5 32. Qb2 Rg8 33. Kh1 Rc8 34. Qa3 Qd6 35. Qb2 Qg3 36. Qd2 Qd6 37. Qe1 Qd5 38. Rb3 Qa5 39. Qd2 1/2-1/2

[Event "SWE-chT2 0809"]
[Site "Sweden"]
[Date "2009.01.17"]
[Round "4"]
[White "Thornert, Hakan"]
[Black "Eriksson, Mats"]
[Result "1/2-1/2"]
[WhiteElo "2206"]
[BlackElo "2039"]
[PlyCount "53"]
[EventDate "2008.10.25"]
[EventType "team-tourn"]
[EventRounds "9"]
[EventCountry "SWE"]
[SourceTitle "EXT 2011"]
[Source "ChessBase"]
[SourceDate "2010.11.26"]
[SourceVersion "1"]
[SourceVersionDate "2010.11.26"]
[SourceQuality "1"]

1. e4 c6 2. d4 d5 3. f3 e6 4. Be3 Qb6 5. Nd2 Nf6 6. Bd3 c5 7. dxc5 Bxc5 8. Bxc5 Qxc5 9. e5 Nh5 10. Nh3 Nc6 11. Qe2 g6 12. g4 Ng7 13. Nb3 Qe7 14. f4 Bd7 15. 0-0-0 Nb4 16. Kb1 Nxd3 17. Qxd3 h5 18. g5 Rc8 19. Nd4 Qc5 20. Ng1 b5 21. Ngf3 0-0 22. Nh4 Kh7 23. Rhe1 a5 24. Re3 b4 25. Rh3 Qc4 26. Ng2 Kg8 27. Ne3 1/2-1/2

[Event "SWE-chT2 0809"]
[Site "Sweden"]
[Date "2008.12.06"]
[Round "3"]
[White "Sjogren, Stig"]
[Black "Eriksson, Mats"]
[Result "0-1"]
[WhiteElo "1851"]
[BlackElo "2039"]
[PlyCount "88"]
[EventDate "2008.10.25"]
[EventType "team-tourn"]
[EventRounds "9"]
[EventCountry "SWE"]
[SourceTitle "EXT 2011"]
[Source "ChessBase"]
[SourceDate "2010.11.26"]
[SourceVersion "1"]
[SourceVersionDate "2010.11.26"]
[SourceQuality "1"]

1. d4 Nf6 2. Nf3 e6 3. c4 b6 4. g3 Ba6 5. Qc2 Bb7 6. Bg2 c5 7. e3 cxd4 8. exd4 Bb4+ 9. Nc3 Qc8 10. 0-0 Qxc4 11. Ne5 Qc8 12. Bxb7 Qxb7 13. Nb5 Nc6 14. a3 Be7 15. Nc4 0-0 16. Bf4 d5 17. Ncd6 Qd7 18. Rac1 Nxd4 19. Qd3 Nxb5 20. Nxb5 Rac8 21. Be5 Ne4 22. Nc3 Nc5 23. Qd1 Rfd8 24. b4 Nb7 25. Qh5 f6 26. Bf4 e5 27. Bd2 d4 28. Ne4 Nd6 29. f3 Qe6 30. Rce1 Rc2 31. Rc1 g6 32. Qh6 Nf5 33. Qh3 d3 34. Rcd1 Nd4 35. Qh6 Nf5 36. Qh3 Qc4 37. g4 Qd4+ 38. Kh1 Ne3 39. g5 f5 40. Nf6+ Bxf6 41. gxf6 Rd7 42. Bxe3 Qxe3 43. Qh4 Qe2 44. Rc1 Qg2# 0-1

[Event "SWE-chT2 0708"]
[Site "Sweden"]
[Date "2008.03.08"]
[Round "8"]
[White "Eriksson, Mats"]
[Black "Hahlin, Lars Ola"]
[Result "1-0"]
[WhiteElo "2197"]
[BlackElo "2121"]
[PlyCount "99"]
[EventDate "2007.10.20"]
[EventType "team"]
[EventRounds "9"]
[EventCountry "SWE"]
[SourceTitle "EXT 2009"]
[Source "ChessBase"]
[SourceDate "2008.11.26"]
[SourceVersion "1"]
[SourceVersionDate "2008.11.26"]
[SourceQuality "1"]
[WhiteTeam "Manhem II"]
[BlackTeam "Passanten"]
[WhiteTeamCountry "SWE"]
[BlackTeamCountry "SWE"]

1. e4 g6 2. d4 Bg7 3. Nc3 c6 4. Bc4 d6 5. Qf3 Be6 6. Bxe6 fxe6 7. Nge2 Nd7 8. Be3 Ngf6 9. Qh3 Nf8 10. Bh6 Kf7 11. 0-0 Qa5 12. Bxg7 Kxg7 13. f4 Qh5 14. Qd3 N8d7 15. f5 e5 16. Rf3 g5 17. Rg3 h6 18. dxe5 Nxe5 19. Qd2 Kh7 20. Nd4 c5 21. Ne6 Nfg4 22. h3 Nf6 23. Re1 Qh4 24. Rge3 Nc4 25. Qd3 Nxe3 26. Rxe3 g4 27. Nd5 Rhg8 28. Nxe7 gxh3 29. g3 c4 30. Nxg8 Rxg8 31. Qxd6 Nxe4 32. Qd7+ Kh8 33. Qd4+ Kh7 34. Qd7+ Kh8 35. Qd4+ Kh7 36. Qxe4 Rxg3+ 37. Kh1 Rg4 38. Qxb7+ Kh8 39. Qb8+ Rg8 40. Qe5+ Kh7 41. Qd4 Qh5 42. Qd7+ Kh8 43. Qd4+ Kh7 44. Ra3 Qxf5 45. Rxa7+ Kg6 46. Nf4+ Kg5 47. Re7 Qg4 48. Re5+ Kh4 49. Rh5+ Kg3 50. Rxh3+ 1-0

[Event "SWE-chT2 0708"]
[Site "Sweden"]
[Date "2007.10.21"]
[Round "2"]
[White "Bator, Zbigniew"]
[Black "Eriksson, Mats"]
[Result "1/2-1/2"]
[WhiteElo "2298"]
[BlackElo "2211"]
[PlyCount "21"]
[EventDate "2007.10.20"]
[EventType "team"]
[EventRounds "9"]
[EventCountry "SWE"]
[SourceTitle "EXT 2009"]
[Source "ChessBase"]
[SourceDate "2008.11.26"]
[SourceVersion "1"]
[SourceVersionDate "2008.11.26"]
[SourceQuality "1"]
[WhiteTeam "Stockholm Rockaden II"]
[BlackTeam "Manhem II"]
[WhiteTeamCountry "SWE"]
[BlackTeamCountry "SWE"]

1. d4 d5 2. Nf3 Nf6 3. Bf4 Bf5 4. e3 e6 5. h3 Bd6 6. Bxd6 Qxd6 7. c3 Nbd7 8. Bd3 Bxd3 9. Qxd3 0-0 10. Nbd2 e5 11. dxe5 1/2-1/2

[Event "SWE-chT 0102"]
[Site "Sweden"]
[Date "2001.10.12"]
[Round "1"]
[White "Eriksson, Mats"]
[Black "Backelin, Rikard"]
[Result "1-0"]
[WhiteElo "2236"]
[BlackElo "2384"]
[PlyCount "85"]
[EventDate "2001.10.12"]
[EventType "team"]
[EventRounds "11"]
[EventCountry "SWE"]
[SourceTitle "EXT 2003"]
[Source "ChessBase"]
[SourceDate "2002.11.25"]
[SourceVersion "1"]
[SourceVersionDate "2002.11.25"]
[SourceQuality "1"]
[WhiteTeam "Limhamn"]
[BlackTeam "Farsta"]
[WhiteTeamCountry "SWE"]
[BlackTeamCountry "SWE"]

1. d4 d5 2. c4 c6 3. Nc3 Nf6 4. e3 a6 5. a4 a5 6. Nf3 g6 7. Ne5 Bg7 8. cxd5 cxd5 9. Bb5+ Nbd7 10. Qf3 e6 11. 0-0 0-0 12. Nd3 Ne8 13. b3 f5 14. Ba3 Rf7 15. Rfc1 Nef6 16. Ra2 Ne4 17. Rac2 Nf8 18. Qe2 b6 19. Ne5 Bxe5 20. dxe5 Bb7 21. Nxe4 fxe4 22. Bd6 Rc8 23. Rxc8 Bxc8 24. Qc2 Bb7 25. Bc7 Qg5 26. Be8 Rf5 27. Bxb6 Ba6 28. Bd4 Bd3 29. Qd2 Qg4 30. Bb5 Rg5 31. g3 Rh5 32. f4 g5 33. Rc8 Kg7 34. Bxd3 exd3 35. Qxd3 gxf4 36. exf4 Ng6 37. Rc7+ Kh6 38. b4 Rf5 39. Kh1 axb4 40. a5 b3 41. a6 Qh3 42. Be3 Qg4 43. Bc1 1-0

[Event "SWE-ch masters"]
[Site "Linkoping"]
[Date "2001.??.??"]
[Round "13"]
[White "Eriksson, Mats"]
[Black "Eriksson, Jorgen"]
[Result "1-0"]
[WhiteElo "2242"]
[BlackElo "2216"]
[PlyCount "103"]
[EventDate "2001.??.??"]
[EventType "tourn"]
[EventRounds "13"]
[EventCountry "SWE"]
[EventCategory "1"]
[SourceTitle "EXT 2002"]
[Source "ChessBase"]
[SourceDate "2001.11.25"]
[SourceVersion "1"]
[SourceVersionDate "2001.11.25"]
[SourceQuality "1"]

1. e4 d6 2. d4 Nf6 3. Nc3 c6 4. Nf3 Bg4 5. Be3 e6 6. Be2 Be7 7. 0-0 d5 8. Nd2 Bxe2 9. Qxe2 dxe4 10. Ncxe4 Nxe4 11. Nxe4 0-0 12. Rad1 Qd5 13. Nc3 Qf5 14. Qd3 Qxd3 15. Rxd3 Nd7 16. Ne2 Rfd8 17. Rfd1 Nb6 18. c3 Rd7 19. b3 Rad8 20. Nc1 Nd5 21. Bd2 Bf6 22. Kf1 h5 23. g3 Ne7 24. Ke2 Nf5 25. h4 Rd5 26. Bg5 Bxg5 27. hxg5 Ne7 28. f4 Nf5 29. Kf3 f6 30. gxf6 gxf6 31. Kf2 Kf7 32. Rh1 Nh6 33. Ne2 Rf5 34. Rdd1 Re8 35. Nc1 e5 36. dxe5 fxe5 37. Rd7+ Re7 38. Rxe7+ Kxe7 39. Nd3 e4 40. Ne5 Ke6 41. Ke3 Rf8 42. Kxe4 Nf5 43. Kf3 Rg8 44. Rh3 c5 45. Kf2 b6 46. Nf3 Kf6 47. Ng5 Kg6 48. Rh1 Re8 49. Nf3 Re2+ 50. Kxe2 Nxg3+ 51. Ke3 Nxh1 52. Nh4+ 1-0

[Event "SWE-ch masters"]
[Site "Linkoping"]
[Date "2001.??.??"]
[Round "12"]
[White "Feiff, Terry"]
[Black "Eriksson, Mats"]
[Result "1/2-1/2"]
[WhiteElo "2220"]
[BlackElo "2242"]
[PlyCount "24"]
[EventDate "2001.??.??"]
[EventType "tourn"]
[EventRounds "13"]
[EventCountry "SWE"]
[EventCategory "1"]
[SourceTitle "EXT 2002"]
[Source "ChessBase"]
[SourceDate "2001.11.25"]
[SourceVersion "1"]
[SourceVersionDate "2001.11.25"]
[SourceQuality "1"]

1. d4 d5 2. Nf3 Nf6 3. c4 c6 4. cxd5 cxd5 5. Nc3 Nc6 6. Bf4 Bf5 7. e3 e6 8. Qb3 Bb4 9. Bb5 Bxc3+ 10. Qxc3 Rc8 11. 0-0 0-0 12. Rfc1 Qb6 1/2-1/2

[Event "SWE-ch masters"]
[Site "Linkoping"]
[Date "2001.??.??"]
[Round "10"]
[White "Lindgren, Fredrik"]
[Black "Eriksson, Mats"]
[Result "0-1"]
[WhiteElo "2208"]
[BlackElo "2242"]
[PlyCount "83"]
[EventDate "2001.??.??"]
[EventType "tourn"]
[EventRounds "13"]
[EventCountry "SWE"]
[EventCategory "1"]
[SourceTitle "EXT 2002"]
[Source "ChessBase"]
[SourceDate "2001.11.25"]
[SourceVersion "1"]
[SourceVersionDate "2001.11.25"]
[SourceQuality "1"]

1. e4 e5 2. Nf3 Nc6 3. Bb5 Bc5 4. c3 Nf6 5. d4 Bb6 6. 0-0 0-0 7. Bg5 h6 8. Bh4 d6 9. Qd3 Qe7 10. Re1 Nb8 11. Nbd2 c6 12. Ba4 Re8 13. Bc2 Nbd7 14. Nc4 g5 15. Nxg5 hxg5 16. Bxg5 Nf8 17. Qg3 Ng6 18. h4 Kh8 19. Nxb6 axb6 20. Qf3 Kg7 21. h5 Nf8 22. h6+ Kg6 23. Qg3 Kh7 24. Re3 N8d7 25. Qh4 Rg8 26. Rf3 Rg6 27. Rf5 Qe6 28. Bb3 d5 29. Re1 Nxe4 30. g4 Nxg5 31. Rxg5 e4 32. f4 Rxg5 33. fxg5 Nf8 34. Bd1 Rxa2 35. Qf2 Qe7 36. Qf4 Ng6 37. Qb8 Be6 38. Rf1 Rxb2 39. Rf6 Rb1 40. Rf1 Qxg5 41. Qg3 Qd2 42. Ba4 0-1

[Event "SWE-chT 9900"]
[Site "Sweden"]
[Date "2000.??.??"]
[Round "6"]
[White "Adler, Bo"]
[Black "Eriksson, Mats"]
[Result "0-1"]
[WhiteElo "2245"]
[BlackElo "2284"]
[PlyCount "80"]
[EventDate "1999.11.??"]
[EventType "team"]
[EventRounds "11"]
[EventCountry "SWE"]
[SourceTitle "EXT 2002"]
[Source "ChessBase"]
[SourceDate "2001.11.25"]
[SourceVersion "1"]
[SourceVersionDate "2001.11.25"]
[SourceQuality "1"]

1. d4 d5 2. c4 c6 3. Nf3 Nf6 4. Nc3 e6 5. Bg5 dxc4 6. e3 b5 7. a4 Bb4 8. Be2 a6 9. 0-0 Bxc3 10. bxc3 Nbd7 11. Ne5 Qc7 12. Bf3 Bb7 13. Bf4 Qc8 14. e4 0-0 15. Qe2 Rd8 16. Bg5 Re8 17. Bh5 Nxh5 18. Qxh5 Nxe5 19. dxe5 Qc7 20. Rfd1 c5 21. f3 Bc6 22. a5 Qxe5 23. Qh4 f6 24. Bf4 Qxc3 25. Rac1 Qxa5 26. Rd6 e5 27. Bh6 Qc7 28. Qg4 Re7 29. Rxf6 Rd8 30. Bg5 Ree8 31. Rxc6 Qxc6 32. Bxd8 Rxd8 33. Qg5 Qd6 34. h4 Qd2 35. Ra1 Qxg5 36. hxg5 c3 37. Kf2 c2 38. Ke3 Rd1 39. Rxa6 c1Q+ 40. Ke2 Qd2# 0-1

[Event "SWE-chT 9900"]
[Site "Sweden"]
[Date "2000.??.??"]
[Round "7"]
[White "Eriksson, Mats"]
[Black "Carlsson, Daniel"]
[Result "1/2-1/2"]
[WhiteElo "2284"]
[BlackElo "2296"]
[PlyCount "101"]
[EventDate "1999.11.??"]
[EventType "team"]
[EventRounds "11"]
[EventCountry "SWE"]
[SourceTitle "EXT 2002"]
[Source "ChessBase"]
[SourceDate "2001.11.25"]
[SourceVersion "1"]
[SourceVersionDate "2001.11.25"]
[SourceQuality "1"]

1. e4 c5 2. c3 Nf6 3. e5 Nd5 4. d4 cxd4 5. Nf3 e6 6. cxd4 b6 7. Nc3 Nxc3 8. bxc3 Qc7 9. Bd2 Be7 10. Bd3 Ba6 11. Bxa6 Nxa6 12. Qe2 Qb7 13. 0-0 0-0 14. c4 Rac8 15. a4 Nb4 16. a5 bxa5 17. Rxa5 Qc7 18. Rfa1 Qxc4 19. Qxc4 Rxc4 20. Rxa7 Rd8 21. Kf1 f6 22. R1a4 Nc6 23. Rxc4 Nxa7 24. Rc7 Nc6 25. Bc3 Kf7 26. Ke2 Ke8 27. Rb7 Rb8 28. Rxb8+ Nxb8 29. Kd3 Na6 30. Ba5 Bd8 31. Bxd8 Kxd8 32. Kc4 Nc7 33. g3 Ke7 34. Nd2 d6 35. exd6+ Kxd6 36. Ne4+ Kc6 37. h4 h5 38. Nc5 Kd6 39. Ne4+ Kc6 40. Nc5 Kd6 41. f3 Nd5 42. Ne4+ Kc6 43. Kd3 Nb4+ 44. Kc4 Nd5 45. Kd3 Ne7 46. Nc3 Kd6 47. Ne4+ Kd5 48. Nc3+ Kd6 49. Ne4+ Kd5 50. Nc3+ Kd6 51. Ne4+ 1/2-1/2

[Event "SWE-chT 9900"]
[Site "Sweden"]
[Date "1999.??.??"]
[Round "2"]
[White "Bator, Robert"]
[Black "Eriksson, Mats"]
[Result "1-0"]
[WhiteElo "2431"]
[BlackElo "2284"]
[PlyCount "69"]
[EventDate "1999.11.??"]
[EventType "team"]
[EventRounds "11"]
[EventCountry "SWE"]
[SourceTitle "EXT 2002"]
[Source "ChessBase"]
[SourceDate "2001.11.25"]
[SourceVersion "1"]
[SourceVersionDate "2001.11.25"]
[SourceQuality "1"]

1. d4 d5 2. c4 c6 3. Nf3 Nf6 4. Nc3 e6 5. e3 Nbd7 6. Bd3 dxc4 7. Bxc4 b5 8. Bd3 Bb7 9. 0-0 b4 10. Na4 c5 11. dxc5 Qa5 12. a3 Bxc5 13. Bd2 Bd6 14. Bxb4 Bxb4 15. axb4 Qxb4 16. Nd4 0-0 17. Qb3 Qxb3 18. Nxb3 Rfb8 19. Na5 Be4 20. Be2 Rb4 21. Rfc1 Nb6 22. b3 Nxa4 23. Rxa4 Rb6 24. f3 Bd5 25. b4 e5 26. e4 Be6 27. Nc6 Bd7 28. b5 a6 29. Rxa6 Raxa6 30. Ne7+ Kf8 31. bxa6 Rb2 32. a7 Ra2 33. Nc8 Be6 34. Rc6 g6 35. Ra6 1-0

[Event "SWE-chT 9899"]
[Site "Sweden"]
[Date "1999.??.??"]
[Round "10"]
[White "Bjork, Carl Magnus"]
[Black "Eriksson, Mats"]
[Result "1-0"]
[WhiteElo "2468"]
[BlackElo "2340"]
[PlyCount "81"]
[EventDate "1998.??.??"]
[EventType "team"]
[EventRounds "11"]
[EventCountry "SWE"]
[SourceTitle "EXT 2000"]
[Source "ChessBase"]
[SourceDate "1999.11.16"]
[SourceVersion "1"]
[SourceVersionDate "1999.11.16"]
[SourceQuality "1"]

1. d4 d5 2. c4 c6 3. Nf3 Nf6 4. g3 Bf5 5. Bg2 e6 6. 0-0 Bd6 7. b3 0-0 8. Bb2 Nbd7 9. Nc3 h6 10. Nd2 Qe7 11. e4 dxe4 12. Ndxe4 Ba3 13. Qc1 Bxb2 14. Qxb2 Rfd8 15. Rfe1 Nxe4 16. Nxe4 Nf6 17. Nc5 Rac8 18. Rad1 b6 19. Nd3 Qd6 20. Ne5 Nd7 21. c5 bxc5 22. dxc5 Qc7 23. Nxc6 Re8 24. b4 e5 25. Rd6 e4 26. Qd4 Nf6 27. a3 Bg4 28. h3 Bf3 29. Bxf3 exf3 30. Ne5 Qb7 31. Re3 a5 32. Rb6 Qa8 33. Rd6 axb4 34. axb4 Rb8 35. Nc6 Rxe3 36. Qxe3 Re8 37. Qxf3 Qa1+ 38. Rd1 Qb2 39. Kg2 Re6 40. Rd8+ Kh7 41. Nd4 1-0

[Event "SWE-chT 9899"]
[Site "Sweden"]
[Date "1999.??.??"]
[Round "9"]
[White "Burwick, Malte"]
[Black "Eriksson, Mats"]
[Result "1/2-1/2"]
[WhiteElo "2310"]
[BlackElo "2340"]
[PlyCount "50"]
[EventDate "1998.??.??"]
[EventType "team"]
[EventRounds "11"]
[EventCountry "SWE"]
[SourceTitle "EXT 2000"]
[Source "ChessBase"]
[SourceDate "1999.11.16"]
[SourceVersion "1"]
[SourceVersionDate "1999.11.16"]
[SourceQuality "1"]

1. Nf3 c5 2. e4 Nc6 3. d3 g6 4. g3 Bg7 5. Bg2 e5 6. 0-0 Nge7 7. Be3 d6 8. c3 0-0 9. a4 a6 10. Na3 Rb8 11. Rb1 b5 12. axb5 axb5 13. b4 cxb4 14. cxb4 Ra8 15. Nxb5 Rb8 16. Na7 Rxb4 17. Rxb4 Nxb4 18. Nxc8 Qxc8 19. Qb3 Nbc6 20. Qa3 Qa8 21. Qxd6 Rd8 22. Qc5 Rxd3 23. Qc4 Qa3 24. Ng5 Qb3 25. Qxb3 Rxb3 1/2-1/2

[Event "SWE-chT 9900"]
[Site "Sweden"]
[Date "1999.??.??"]
[Round "4"]
[White "Finnlaugsson, Gunnar"]
[Black "Eriksson, Mats"]
[Result "0-1"]
[WhiteElo "2225"]
[BlackElo "2284"]
[PlyCount "98"]
[EventDate "1999.11.??"]
[EventType "team"]
[EventRounds "11"]
[EventCountry "SWE"]
[SourceTitle "EXT 2002"]
[Source "ChessBase"]
[SourceDate "2001.11.25"]
[SourceVersion "1"]
[SourceVersionDate "2001.11.25"]
[SourceQuality "1"]

1. e4 e5 2. Nf3 Nc6 3. Bb5 Bc5 4. 0-0 Nd4 5. Nxd4 Bxd4 6. c3 Bb6 7. d4 c6 8. Ba4 d6 9. Be3 Qh4 10. f3 Ne7 11. Nd2 exd4 12. cxd4 d5 13. Bc2 0-0 14. Qe1 Qxe1 15. Rfxe1 dxe4 16. fxe4 Bg4 17. Nf3 Rad8 18. Rad1 Rd6 19. Rd3 Rfd8 20. Red1 f6 21. R1d2 Kh8 22. Kf1 Bh5 23. a3 Bg6 24. Rb3 Re6 25. Bf2 Bxe4 26. Bxe4 Rxe4 27. Re2 Rxe2 28. Kxe2 Kg8 29. h3 Kf7 30. Kf1 Rd5 31. Rc3 Nf5 32. Rc4 Rb5 33. b4 a5 34. bxa5 Bxa5 35. g4 Nd6 36. Rc5 Rb1+ 37. Kg2 Bb6 38. Rc2 Rb3 39. Ra2 Ba5 40. a4 Ne4 41. h4 Ke6 42. Be1 Bxe1 43. Re2 Kd5 44. Rxe1 Ra3 45. h5 Rxa4 46. Rb1 b5 47. Rb2 Ra3 48. Rc2 b4 49. Rb2 b3 0-1

[Event "SWE-chT 9899"]
[Site "Sweden"]
[Date "1999.??.??"]
[Round "6"]
[White "Nyander, Joakim"]
[Black "Eriksson, Mats"]
[Result "0-1"]
[WhiteElo "2195"]
[BlackElo "2260"]
[PlyCount "48"]
[EventDate "1998.??.??"]
[EventType "team"]
[EventRounds "11"]
[EventCountry "SWE"]
[SourceTitle "EXT 2000"]
[Source "ChessBase"]
[SourceDate "1999.11.16"]
[SourceVersion "1"]
[SourceVersionDate "1999.11.16"]
[SourceQuality "1"]

1. d4 d5 2. Nf3 Nf6 3. Bf4 Bf5 4. e3 e6 5. c4 c6 6. Qb3 Qb6 7. c5 Qxb3 8. axb3 Nbd7 9. Nc3 Nh5 10. Bg5 h6 11. Bh4 g5 12. Bg3 Nxg3 13. hxg3 Bg7 14. b4 Kd8 15. Be2 Kc7 16. 0-0 a6 17. Nd2 g4 18. f3 h5 19. Kf2 Rae8 20. Rad1 e5 21. e4 exd4 22. Nxd5+ cxd5 23. exf5 d3 24. Bxd3 Bd4# 0-1

[Event "SWE Cup qf"]
[Site "Oerebro"]
[Date "1998.??.??"]
[Round "?"]
[White "Eriksson, Johan"]
[Black "Eriksson, Mats"]
[Result "0-1"]
[WhiteElo "2380"]
[BlackElo "2260"]
[PlyCount "92"]
[EventDate "1998.??.??"]
[EventType "team"]
[EventRounds "1"]
[EventCountry "SWE"]
[SourceTitle "EXT 2000"]
[Source "ChessBase"]
[SourceDate "1999.11.16"]
[SourceVersion "1"]
[SourceVersionDate "1999.11.16"]
[SourceQuality "1"]

1. d4 Nf6 2. Bg5 c5 3. Bxf6 gxf6 4. d5 Bg7 5. e3 d6 6. c3 Na6 7. Ne2 Nc7 8. a4 b6 9. Nf4 Bh6 10. Be2 Bb7 11. Bf3 Qd7 12. c4 f5 13. Nh5 a6 14. Nc3 b5 15. axb5 axb5 16. Rxa8+ Bxa8 17. cxb5 Nxb5 18. Qa4 Nc7 19. Qh4 Bf8 20. 0-0 Bb7 21. Re1 Nb5 22. e4 Nd4 23. Bd1 Kd8 24. Qf4 Rg8 25. e5 dxe5 26. Qxe5 Qc7 27. Qe3 Rg6 28. g3 Rb6 29. Qd2 Bh6 30. f4 Bf8 31. Re3 Ba8 32. Na4 Rd6 33. Nc3 Qb7 34. g4 fxg4 35. Bxg4 Rg6 36. h3 f5 37. Ng3 fxg4 38. f5 Rg8 39. Nce4 Qb4 40. Qf2 Bh6 41. f6 Bxe3 42. fxe7+ Kxe7 43. Qxe3 Qe1+ 44. Qxe1 Nf3+ 45. Kf2 Nxe1 46. Nf5+ Kd8 0-1